000 00716nam a2200253Ia 4500
003 OSt
005 20220924120123.0
006 a|||||r|||| 00| 0
007 ta
008 220923b |||||||| |||| 00| 0 urd d
020 _c200
024 _a320883
037 _cTextual
040 _aARTS
_cARTS
_burd
041 _2urd
_aurd
082 _aQ7w44Q7,N1, 168M4
100 _aQusoor Abdul Azeem Ansari Au.
_9180854
245 0 _aTazkirah-e-ulma-e-bhujiyan
260 _aDelhi
_bKutub khana anjuman taraqqi Urdu Idndia
_c1984
300 _a336p.
_ccm.
650 _aISLAM
_9577
942 _hQ7w44Q7,N1, 168M4
_cTEXL
_2CC
999 _c401330
_d401330